000 00312nam a2200145Ia 4500
100 _aNaughton Patrick
942 _cBK
654 _aComputer
245 _aComplete Reference Java
260 _bTata Mc Graw hill
_aNew york
_c1997
082 _a5.13
_bNAV
300 _a886
546 _aENGLISH
999 _c24402
_d24402